| 000 | 00712nam a2200229 a 4500 | ||
|---|---|---|---|
| 008 | |||
| 020 | _a0521550025 (hbk.) | ||
| 049 | _aMAIN | ||
| 090 | _aQC174.45.A6 | ||
| 100 | 1 | _aWeinberg, Steven. | |
| 245 | 1 | 4 |
_aThe quantum theory of fields. _nVolume ii, _pModern applications / _cSteven Weinberg. |
| 260 |
_aCambridge : _bCambridge University Press, _c1995 |
||
| 300 |
_axxi, 489 p. : _bill. ; _c26 cm. |
||
| 504 | _aIncludes bibliographical references. | ||
| 500 | _aIncludes index. | ||
| 650 | 0 | _aQuantum field theory. | |
| 907 |
_a.b10174163 _b07-09-05 _c02-09-05 |
||
| 003 | |||
| 005 | 20230123134103.0 | ||
| 040 | _cNUST | ||
| 942 |
_cBOOKS _kQC174.45.A6 |
||
| 999 |
_c159810 _d159810 |
||